|
|
|
|
| LEADER |
01589nam a2200481 4500 |
| 001 |
ocn819508187 |
| 003 |
OCoLC |
| 005 |
20171028074030.3 |
| 006 |
m o d |
| 007 |
cr un|---uuuuu |
| 008 |
121028s2012 xx o 000 0 eng d |
| 040 |
|
|
|a IDEBK
|b eng
|e pn
|c IDEBK
|d OCLCQ
|d CDX
|d OCLCO
|d OCLCF
|d OCLCO
|d OCLCQ
|d DG1
|d BUB
|d RTH
|d GrThAP
|
| 019 |
|
|
|a 976445181
|
| 020 |
|
|
|a 9781119421511
|q (electronic bk.)
|
| 020 |
|
|
|a 1119421519
|q (electronic bk.)
|
| 020 |
|
|
|z 1283714442
|
| 020 |
|
|
|z 9781283714440
|
| 020 |
|
|
|a 9781118445563
|
| 020 |
|
|
|a 1118445562
|
| 020 |
|
|
|z 9780813819938
|
| 020 |
|
|
|z 0813819938
|
| 035 |
|
|
|a (OCoLC)819508187
|z (OCoLC)976445181
|
| 050 |
|
4 |
|a SF745
|b .S46 2013eb
|
| 082 |
0 |
4 |
|a 636.089
|2 23
|
| 049 |
|
|
|a MAIN
|
| 245 |
0 |
0 |
|a Shelter Medicine for Veterinarians and Staff
|h [electronic resource].
|
| 260 |
|
|
|b Wiley-Blackwell
|c 2012.
|
| 300 |
|
|
|a 1 online resource (742 pages)
|
| 336 |
|
|
|a text
|b txt
|2 rdacontent
|
| 337 |
|
|
|a computer
|b c
|2 rdamedia
|
| 338 |
|
|
|a online resource
|b cr
|2 rdacarrier
|
| 504 |
|
|
|a Includes bibliographical references and index.
|
| 650 |
|
0 |
|a Veterinary medicine.
|
| 650 |
|
0 |
|a Pets
|x Diseases.
|
| 650 |
|
0 |
|a Animal shelters.
|
| 650 |
|
7 |
|a Animal shelters.
|2 fast
|0 (OCoLC)fst00809390
|
| 650 |
|
7 |
|a Pets
|x Diseases.
|2 fast
|0 (OCoLC)fst01059915
|
| 650 |
|
7 |
|a Veterinary medicine.
|2 fast
|0 (OCoLC)fst01165977
|
| 655 |
|
4 |
|a Electronic books.
|
| 700 |
1 |
|
|a Miller, Lila.
|4 edt
|
| 700 |
1 |
|
|a Zawistowski, Stephen.
|4 edt
|
| 856 |
4 |
0 |
|u https://doi.org/10.1002/9781119421511
|z Full Text via HEAL-Link
|
| 994 |
|
|
|a 92
|b DG1
|